| 000 | 00572nam a2200205Ia 4500 | ||
|---|---|---|---|
| 005 | 20250923144807.0 | ||
| 008 | 008 250917s9999 xx 000 0 eng d | ||
| 037 | _aTextual | ||
| 040 |
_aDSWL _beng _cDSWL |
||
| 041 |
_aeng _2eng |
||
| 084 |
_aV2::1262, K1 _qDSWL |
||
| 100 |
_aDey, S.K. _9828480 |
||
| 245 | 0 |
_aPanchayat-i-Raj - A synthesis _cby S.K. Dey |
|
| 260 |
_aNew Delhi _bDelhiAsia Pub. House _c1961 |
||
| 300 | _axii,139p. | ||
| 365 |
_aINR _b7.50 |
||
| 925 | _g7.50 | ||
| 942 |
_cTEXL _hV2::1262, K1 |
||
| 999 |
_c1443413 _d1443413 |
||